Supply chain management: an introduction to logistics. (2nd ed.) (Record no. 59131)

MARC details
000 -LEADER
fixed length control field 00632nam a2200169 a 4500
008 - FIXED-LENGTH DATA ELEMENTS--GENERAL INFORMATION
fixed length control field 130823s2009 ||||||||||||||||| || u
020 ## - INTERNATIONAL STANDARD BOOK NUMBER
International Standard Book Number 9780230200524
050 ## - LIBRARY OF CONGRESS CALL NUMBER
Classification number HD 38.5 Wat
100 ## - MAIN ENTRY--PERSONAL NAME
Personal name Waters, Donald
245 10 - TITLE STATEMENT
Title Supply chain management: an introduction to logistics. (2nd ed.)
Statement of responsibility, etc. by Donald Waters
250 ## - EDITION STATEMENT
Edition statement 2nd ed.
260 ## - PUBLICATION, DISTRIBUTION, ETC.
Place of publication, distribution, etc. London:
Name of publisher, distributor, etc. Palgrave Macmillan
Date of publication, distribution, etc. 2009
300 ## - PHYSICAL DESCRIPTION
Extent xxvi, 511p.: ill.
650 #0 - SUBJECT ADDED ENTRY--TOPICAL TERM
Topical term or geographic name entry element RISK MANAGEMENT
650 ## - SUBJECT ADDED ENTRY--TOPICAL TERM
Topical term or geographic name entry element BUSINESS LOGISTICS
995 ## - RECOMMENDATION 995 [LOCAL, UNIMARC FRANCE]
-- CBU-MAIN LIBRARY (Kitwe)
-- 1
-- AVAILABLE
-- Oct 18, 2013
-- Main Library Open Access Collection
Holdings
Withdrawn status Lost status Source of classification or shelving scheme Damaged status Not for loan Home library Current library Shelving location Date acquired Total Checkouts Full call number Barcode Date last seen Price effective from Koha item type
          CBU-MAIN LIBRARY, KITWE. CBU-MAIN LIBRARY, KITWE.   11/30/2022   HD 38.5 Wat 744326 11/30/2022 11/30/2022 MONOGRAPH